Music Quiz

Random Music or Song Quiz

Can you name all SNSD songs in 5 minutes ? Quiz Stats

 Plays Quiz not verified by Sporcle

Score 0/116 Timer 05:00
0 Plays Today
Hint Answer % Correct
Into the new world
93.8%
Gee
90.8%
Girls
85.7%
Genie
84.4%
Oh
83.5%
The boys
82.4%
Girls'Generation
75.4%
I got a boy
75.4%
Lion heart
74.3%
Baby Baby
72.6%
Kissing you
72.4%
Hoot
72.4%
Mr.Mr
71.1%
Party
69.4%
Run devil run
68.1%
You think
65.7%
Mr Taxi
65.1%
Honey
54.6%
Dear mom
54.4%
Catch me if you can
54.4%
Beginning
54%
Complete
52.5%
Way to go
49.9%
Dancing queen
49.9%
Boyfriend
49.3%
Flower power
49%
Girlfriend
46.7%
Echo
46.3%
Bad girl
46%
Paparazzi
46%
Divine
45.4%
All my love is for you
45.2%
Time machine
44.5%
Forever
43.9%
Etude
43.7%
Galaxy supernova
43.3%
Merry-go-round
42.6%
Star star star
40.9%
Show! Show! Show
40.7%
Hint Answer % Correct
Tears
40.3%
Ooh la la
40%
Love & girls
39.2%
Check
38.8%
Bump it
38.3%
Trick
38.1%
Talk talk
37.5%
Talk Talk
37.5%
Tinkerbell
36.6%
Mistake
36.6%
Oscar
36.2%
My oh my
36.2%
Beep Beep
35.1%
Day by day
34.5%
My J
34%
Green light
33.8%
T.O.P
33.4%
Say yes
33%
Baby maybe
33%
XYZ
32.8%
Goodbye
32.5%
My best friend
32.1%
My best friend
32.1%
Destiny
31.9%
Promise
31.5%
Show girls
31.5%
Let's talk about love
31.3%
My child
31%
How great is your love
30.2%
Express 999
30.2%
Fire alarm
30%
Be happy
29.8%
Boys & Girls
29.8%
Europa
29.8%
Animal
28.9%
Stay girls
28.9%
Sign
28.1%
Vitamin
27.6%
Stick with u
27.4%
Hint Answer % Correct
Telepathy
27.4%
Paradise
27.2%
Flyers
27%
Lost in love
26.8%
Back hug
26.8%
Girls & peace
26.6%
One year later
26.3%
Sunflower
25.9%
The great escape
25.7%
Not alone
25.7%
Karma butterfly
25.3%
Boomerang
24.8%
Do the catwalk
24.8%
Motorcycle
24.6%
Indestructible
24.6%
Soul
24.6%
Wait a minute
24.4%
One afternoon
24.4%
Wake up
24%
Lazy girl
23.8%
Reflection
23.8%
Talk to me
23.6%
Let it rain
22.7%
Top secret
22.3%
Blue jeans
21.2%
Lips
20.6%
Romantic St.
20.1%
Sweet talking baby
19.7%
Born to be a lady
19.3%
Look at me
19.3%
I'm in love with the hero
17.1%
Beautiful stranger
16.1%
Chain reaction
16.1%
Gossip girls
15.4%
I'm a diamond
15%
Lingua franca
12.4%
You alohic
10.5%
Everyday love
10.1%

You're not logged in!

Compare scores with friends on all Sporcle quizzes.
OR
Log In

Sporcle TV

Today on Sporcle TV


Watch our educational content, quiz creation guides, and fun videos on Sporcle TV.

Show Comments

Extras

Created Aug 6, 2016ReportNominate
Tags:Song Quiz, minute, snsd

Top Quizzes Today


Score Distribution

Your Account Isn't Verified!

In order to create a playlist on Sporcle, you need to verify the email address you used during registration. Go to your Sporcle Settings to finish the process.

Report this User

Report this user for behavior that violates our Community Guidelines.

Details: